书目信息 |
| 题名: |
从零起步学长笛轻松入门
|
|
| 作者: | 姬绵周 编著 | |
| 分册: | ||
| 出版信息: | 上海 上海音乐学院出版社 2015 |
|
| 页数: | 211页 | |
| 开本: | 28cm | |
| 丛书名: | 从零学音乐入门丛书 | |
| 单 册: | ||
| 中图分类: | J621.16 | |
| 科图分类: | ||
| 主题词: | 长笛--吹奏法 | |
| 电子资源: | ||
| ISBN: | 978-7-5566-0016-8 | |
| 000 | 01008nam0 2200277 450 | |
| 001 | 339245 | |
| 005 | 20150608145911.65 | |
| 010 | @a978-7-5566-0016-8@dCNY42.00 | |
| 100 | @a20150507d2015 em y0chiy50 ea | |
| 101 | 0 | @achi |
| 102 | @aCN@b310000 | |
| 105 | @aag z 000yy | |
| 106 | @ar | |
| 200 | 1 | @a从零起步学长笛轻松入门@Acong ling qi bu xue chang di qing song ru men@f姬绵周编著 |
| 205 | @a第2版 | |
| 210 | @a上海@c上海音乐学院出版社@d2015 | |
| 215 | @a211页@c图@d28cm | |
| 225 | 1 | @a从零学音乐入门丛书 |
| 330 | @a本书运用声学原理, 揭示了长笛的发声原理;依据人体解剖学和运动生理学的原理, 剖析了吹奏长笛的本质, 论述了吹奏长笛的呼吸方法、口形方法、运指方法、吐音方法, 并对各种装饰音和各类起音的吹奏方法与规则作了讲解。 | |
| 410 | 0 | @12001 @a从零学音乐入门丛书 |
| 516 | 1 | @a从零起步学长笛@Acong ling qi bu xue chang di |
| 606 | 0 | @a长笛@x吹奏法 |
| 690 | @aJ621.16@v5 | |
| 701 | 0 | @a姬绵周@Aji mian zhou@f(1947-)@4编著 |
| 801 | 0 | @aCN@b卓展宏图@c20150525 |
| 905 | @dJ621.16@e244=2@f2 | |
| 从零起步学长笛轻松入门/姬绵周编著.-第2版.-上海:上海音乐学院出版社,2015 |
| 211页:图;28cm.-(从零学音乐入门丛书) |
| ISBN 978-7-5566-0016-8:CNY42.00 |
| 本书运用声学原理, 揭示了长笛的发声原理;依据人体解剖学和运动生理学的原理, 剖析了吹奏长笛的本质, 论述了吹奏长笛的呼吸方法、口形方法、运指方法、吐音方法, 并对各种装饰音和各类起音的吹奏方法与规则作了讲解。 |
| ● |
| 相关链接 |
|
|
|
|
正题名:从零起步学长笛轻松入门
索取号:J621.16/244=2
 
预约/预借
| 序号 | 登录号 | 条形码 | 馆藏地/架位号 | 状态 | 备注 |
| 1 | 864249 | 208642496 | 第一样本阅览室/ [索取号:J621.16/244=2] | 在馆 | |
| 2 | 864250 | 208642502 | 第一借阅区/ [索取号:J621.16/244=2] | 在馆 |